Business law and strategy / (Record no. 53025)

MARC details
000 -LEADER
fixed length control field 00566nam a2200217Ia 4500
005 - DATE AND TIME OF LATEST TRANSACTION
control field 20260429112230.0
008 - FIXED-LENGTH DATA ELEMENTS--GENERAL INFORMATION
fixed length control field 260429s9999||||xx |||||||||||||| ||und||
020 ## - INTERNATIONAL STANDARD BOOK NUMBER
International Standard Book Number 9781260547801
041 ## - LANGUAGE CODE
Language English
082 ## - DEWEY DECIMAL CLASSIFICATION NUMBER
Classification number 346.07
Item number MEL
100 ## - MAIN ENTRY--PERSONAL NAME
Personal name Melvin, Sean P.
245 #0 - TITLE STATEMENT
Title Business law and strategy /
Statement of responsibility, etc Sean P. Melvin
260 ## - PUBLICATION, DISTRIBUTION, ETC. (IMPRINT)
Place of publication, distribution, etc New York :
Name of publisher, distributor, etc Mc Graw Hill,
Date of publication, distribution, etc 2021.
300 ## - PHYSICAL DESCRIPTION
Extent xxxvi, 1078 p.; pbk
650 ## - SUBJECT ADDED ENTRY--TOPICAL TERM
Topical term or geographic name as entry element Business law
650 ## - SUBJECT ADDED ENTRY--TOPICAL TERM
Topical term or geographic name as entry element Commercial law
650 ## - SUBJECT ADDED ENTRY--TOPICAL TERM
Topical term or geographic name as entry element Law
700 ## - ADDED ENTRY--PERSONAL NAME
Personal name Guerra-Pujol, F.E.
700 ## - ADDED ENTRY--PERSONAL NAME
Personal name Orozco, David
942 ## - ADDED ENTRY ELEMENTS (KOHA)
Koha item type Text Books
Holdings
Withdrawn status Lost status Damaged status Not for loan Collection code Home library Location Shelving location Date of Cataloging Source of acquisition Total Checkouts Full call number Barcode Date last seen Price effective from Koha item type
        Non-fiction CUTN Central Library CUTN Central Library Social Sciences 29/04/2026 Sri Mariyamman Stores, Virudhunagar - Invoice No. SMS-CCR/2025-26/349 on 11-02-2026   346.07 MEL 58180 29/04/2026 29/04/2026 Text Books